00672 2200217 4500001002100000005001500021035002000036007000300056008004100059020001800100082001000118084001600128100002800144245011100172250001000283260004400293300004100337700003100378520003200409990001300441INLIS00000000001660220230727111054 a0010-0723000239ta230727 g 0 ind  a979 98914 0 X a158.4 a158.4 EKO k0 aEKO, Maulana Ali Suroso1 aKEPEMIMPINAN Integratif Berbasis ESQ :bThe ESQ Based The Integrative Leadership /cEko Maulana Ali Suroso acet.1 aJakarta :bBars Media Komunikasi,c2004 a326 hlm, xvii :bIlus. ;c15x20,5 cm0 aEditor; M. Ridwan Pangkapi aDaftar Pustaka; hlm 327-329 a1071 418